ბათუმის შოთა რუსთაველის სახელმწიფო უნივერსიტეტის ბიბლიოთეკა

ქართული ენის მოხეური დიალექტი : (ბიბ.ჩანაწერი № 52675)

000 -ლიდერი
ფიქსირებული სიგრძის საკონტროლო ველი 01791nam a2200325Ia 4500
001 - საკონტროლო ნომერი
საკონტროლო ველი 19699
003 - საკონტროლო ნომრის იდენტიფიკატორი
საკონტროლო ველი GE_BSU
005 - ბოლო ოპერაციის თარიღი და დრო
საკონტროლო ველი 20200327223947.0
008 - ფიქსირებული სიგრძის მონაცემთა ელემენტები - ზოგადი ინფორმაცია
ფიქსირებული სიგრძის საკონტროლო ველი 181216s1985||||ge |||||||||||||| ||geo||
040 ## - კატალოგიზაციის წყარო
Transcribing agency GE_BSU
041 ## - ენის კოდი
Language code of text/sound track or separate title geo
080 ## - უნივერსალური ათობითი კლასიფიკაციის ინდექსი
Universal Decimal Classification number 811.353.1'282 ქ-15
100 ## - მთავარი ჩანაწერი - პიროვნების სახელი
Personal name ქავთარაძე, ივანე
9 (RLIN) 7821
245 ## - ცნობა სათაურის შესახებ
Title ქართული ენის მოხეური დიალექტი :
Remainder of title გამოკვლევა, ტექსტები, ლექსიკონი /
Statement of responsibility, etc ივანე ქავთარაძე ; რედ. ივ. გიგინეიშვილი, არ. მარტიროსოვი.
264 ## - წარმოების, გამოცემის, დისტრიბუციის და სხვა ცნობები
გამოცემის, წარმოების, დისტრიბუციის... ადგილი თბილისი :
გამოცემის, წარმოების, დისტრიბუციის... სახელწოდება მეცნიერება,
გამოცემის, წარმოების, დისტრიბუციის... თარიღი 1985.
300 ## - ფიზიკური აღწერა
Extent 422 გვ. ;
Dimensions 26 სმ.
500 ## - ზოგადი შენიშვნა
General note გამოკვლევაში დამოწმებულ და გაანალიზებულ ფორმათა საძიებელი : გვ. 405-418
520 ## - SUMMARY, ETC.
Summary, etc რეზიუმე რუსულ ენაზე
653 ## - INDEX TERM--UNCONTROLLED
Uncontrolled term ფონეტიკა
653 ## - INDEX TERM--UNCONTROLLED
Uncontrolled term მორფოლოგია
653 ## - INDEX TERM--UNCONTROLLED
Uncontrolled term სინტაქსი
653 ## - INDEX TERM--UNCONTROLLED
Uncontrolled term ქართული ენის დიალექტები
653 ## - INDEX TERM--UNCONTROLLED
Uncontrolled term მოხეური დიალექტი
700 ## - ADDED ENTRY--PERSONAL NAME
Personal name გიგინეიშვილი, ივ.
Relator term რედაქტორი
9 (RLIN) 7822
700 ## - ADDED ENTRY--PERSONAL NAME
Personal name მარტიროსოვი, არ.
Relator term რედაქტორი
9 (RLIN) 7663
710 ## - ADDED ENTRY--CORPORATE NAME
Corporate name or jurisdiction name as entry element საქართველოს სსრ მეცნიერებათა აკადემია
9 (RLIN) 7823
710 ## - ADDED ENTRY--CORPORATE NAME
Corporate name or jurisdiction name as entry element ენათმეცნიერების ინსტიტუტი
9 (RLIN) 7824
942 ## - ADDED ENTRY ELEMENTS (KOHA)
Koha item type წიგნი
Source of classification or shelving scheme
ეგზემპლარები
ჩამოწერის სტატუსი დაკარგული ეგზემპლარის სტატუსი კლასიფიკაციის წყარო ან თაროზე გაწყობის სქემა დაზიანების სტატუსი არ გაიცემა მუდმივი მდებარეობა (დაცვის ადგილი) ამჟამინდელი ადგილსამყოფელი თაროზე განთავსების ადგილი შეძენის თარიღი ღირებულება, შესყიდვის ნორმალური ფასი სრული შენახვის შიფრი შტრიხკოდი ბოლო ოპერაციის თარიღი ეგზემპლარის მიმდევრობითი ნომერი (კეტერი?) ფასის ძალაში შესვლის თარიღი ეგზემპლარის სახეობა საჯარო შენიშვნა
          ბათუმის შოთა რუსთაველის სახელმწიფო უნივერსიტეტის მთავარი ბიბლიოთეკა ბათუმის შოთა რუსთაველის სახელმწიფო უნივერსიტეტის მთავარი ბიბლიოთეკა წიგნსაცავი 2018-12-17 8.60 811.353.1'282 ქ-15 51969 2018-12-17 51969 2018-12-17 წიგნი 8.60 ლ.